000 00649nam a2200241Ia 4500
003 OSt
005 20221005024102.0
006 a|||||r|||| 00| 0
007 ta
008 221004b |||||||| |||| 00| 0 eng d
024 _a27520
037 _cTextual
040 _aCRL
_cCRL
_beng
041 _2eng
_aeng
082 _aQ25:1, L7
100 _aRao Shanta Rameshwar
_9580232
245 0 _aLegend of Mansa Devi
_b Indian myths and legends.
260 _aBombay
_bOrient Longman India
_c1977
300 _a41p.
_ccm.
650 _aRELIGION
942 _hQ25:1, L7
_cTEXL
_2cc
999 _c932295
_d932295